The Lord of the Rings and the Hobbit Actors - Statistics

General Stats
  • This quiz has been taken 172 times
    122 since last reset
  • The average score is 18 of 25
Answer Stats
Hint Answer % Correct
Legolas Orlando Bloom
92%
Frodo Baggins Elijah Wood
91%
Gollum Andy Serkis
87%
Gandalf Ian McKellen
86%
Aragorn Viggo Mortensen
86%
Arwen Liv Tyler
84%
Galadriel Cate Blanchett
82%
Saruman Christopher Lee
82%
Bilbo Baggins (younger) Martin Freeman
81%
Elrond Hugo Weaving
80%
Samwise Gamgee Sean Astin
79%
Pippin Took Billy Boyd
77%
Boromir Sean Bean
74%
Tauriel Evangeline Lilly
73%
Merry Brandybuck Dominic Monaghan
71%
Gimli John Rhys-Davies
71%
Éowyn Miranda Otto
65%
Bilbo Baggins (older) Ian Holm
63%
Thorin Richard Armitage
63%
Théoden Bernard Hill
62%
Éomer Karl Urban
56%
Faramir David Wenham
46%
Gríma Wormtongue Brad Dourif
43%
Celeborn Marton Csokas
41%
Denethor John Noble
36%
No matching quizzes found
Score Distribution
Percent of People with Each Score
Percentile by Number Answered
Your Score History
You have not taken this quiz since the last reset